| 000 | 00698nam a22002177a 4500 | ||
|---|---|---|---|
| 999 |
_c9250 _d9250 |
||
| 003 | AR-CdUCM | ||
| 008 | 190327b ||||| |||| 00| 0 spa d | ||
| 040 |
_aMUNICIPALIDAD PROVINCIAL DEL CUSCO _cBIBLIOTECA MUNICIPAL DEL CUSCO |
||
| 082 |
_a869.56 / _bP44 |
||
| 100 |
_aPérez Ocampo, Gustavo _960 |
||
| 245 | _aCuaderno de la soledad inmortal / | ||
| 260 |
_aCusco : _bEdit. Cuzco, _c1951. |
||
| 300 |
_a123 páginas ; _c17 cm. |
||
| 500 | _aCon dedicatoria a Luis Nieto -- Donación de la familia Nieto | ||
| 505 | _aContenido : Poesía | ||
| 650 |
_aPoesía peruana _911982 |
||
| 650 |
_aSiglo XX _98 |
||
| 650 |
_aEscritores cusqueños _910661 |
||
| 942 |
_2ddc _cLIBROS |
||
| 945 | _admma | ||